| 000 | 00629cam a22001934a 4500 | ||
|---|---|---|---|
| 020 | _a9780387229782 | ||
| 040 |
_aDLC _cDLC _dDLC |
||
| 082 | 0 | 0 |
_a629.277 _222 |
| 245 | 0 | 0 |
_aDSP for in vehicle and mobile systems _cHüseyin Abut, John H.L. Hansen, Kazuya Takeda. |
| 260 |
_aNew York : _bSpringer _cc2005. |
||
| 300 |
_axv, 313 p. : _bill. ; _c25 cm. |
||
| 504 | _aIncludes bibliographical references and index. | ||
| 650 | 0 | _aAutomotive telematics. | |
| 650 | 0 |
_aSignal processing _xDigital techniques. |
|
| 700 | 1 |
_aAbut, Hüseyin, _d1945- |
|
| 700 | 1 | _aHansen, John H. L. | |
| 700 | 1 |
_aTakeda, Kazuya, _d1960- |
|
| 942 |
_2ddc _cBK |
||
| 999 |
_c11414 _d11414 |
||